000 00334pam a2200109a 44500
008 230405s2020 xxu||||| |||| 00| 0 eng d
041 _aENG
100 _aDR.RAGEEB USMAN / NAMITA JADHAV
245 _aA TEXT BOOK OF INDIAN SYSTEMS OF MEDICINE ( DR.RAGEEB USMAN
260 _aNEW YORK
_bJOHN WILLY & SONS NEW YORK
_c2020
906 _a4905
999 _c280176
_d280176